Geografia per Lettere - L - Statistics

Statistiche generali
  • Questo quiz è stato fatto 184 volte
    153 dall'ultimo reset
  • Il punteggio medio è 11 su 20
Statistiche sulle risposte
Categoria Risposta % Corretto
Stato Europeo Lettonia - Liechtenstein - Lituania - Lussemburgo
100%
Capitale Europea La Valletta - Lisbona - Londra - Lubiana - Lussemburgo
88%
Capitale Sud Americana Lima - La Paz
88%
Stato Asiatico Laos - Libano
87%
Stato Africano Lesotho - Liberia - Libia
85%
Stato di 4 Lettere Laos
80%
Stato USA Louisiana
77%
Valuta in Uso Lari - Lek - Lempira - Leone - Leu - Lev - Lilangeni - Lira - Loti
76%
Capitale di 4 Lettere Lima - Lomé
75%
Città che ha Ospitato un'Olimpiade Londra - Los Angeles - Lake Placid - Lillehammer
74%
Capitale Africana Libreville - Lilongwe - Lobamba - Lomé - Luanda - Lusaka
59%
Linea per le Coordinate Geografiche Latitudine - Longitudine
55%
Città Africana (tra le 100 più Grandi del Mondo) Lagos - Luanda
48%
Capitale Nord Americana L'Avana
42%
Contea Inglese Lancashire - Lincolnshire - Leicestershire
26%
Fiume (1000km+) Lena - Liao - Liard - Limpopo - Loira - Lomami
25%
Capitale di uno Stato USA Lansing - Lincoln - Little Rock
15%
Isola (3500km2+) Luzon - Leyte - Lombok - Long Island
11%
Arcipelago Laccadive - Lofoten - Lamu - Lanta - Lau - Lomaiviti - Lihir
7%
Città del Texas (100k+) Laredo - Lubbock
1%
Nessun quiz corrispondente trovato
Distribuzione punteggi
Percentuale di utenti per punteggio
Percentile per numero di risposta
I tuoi punteggi nel tempo
Non hai fatto questo quiz dall'ultimo reset